000
00291nam a2200097Ia 4500
008
220204s9999 xx 000 0 und d
100
_a
Cousins, Donald
245
0
_a
Teach yourself book-keeping: An introduction to bookkeeping and business methods
260
_a
London
_b
ELBS
_c
1970
942
_c
BK
999
_c
22857
_d
22857